02639njm a2200421Ia 450000100060000000300090000600500170001500800410003204000130007304000130008604100130009910000110011210000180012310000380014124500360017925000110021526000110022626000370023730000100027450000260028450502380031051101710054865000550071970000920077470000990086670000970096570002640106270000770132670000710140370000560147470000840153070001530161470000920176770000890185970001020194870000850205070000820213532945IT-RoPAU20220918181120.0131025s9999 xx 000 0 und d aIT-RoPAU cIT-RoPAU aITALIANO aAA.VV. eAutore musica gCodice autore musica SPICS: 12000 aMotivi dell'allegria (I) vol. 6 a1a ed. aMILANO bCOMBO RECORDc1970 [1a Ed.:1970] aDISCO aMusica folk, popolare aValzer della fortuna - Stellette - Re di cuori - Ramona - Passione madrilena - Siberiana - Tormento - Valzer spensierato - Sono come tu mi vuoi - Meridiana - Il tango della pampa - Il valzer di Nanù - Leggenda rossa - Monello bruno aCantano Adriano Valle; Gabriella Piccinini; Pino Simonetta; Lella Greco e Coro con Rocco Bandera e suo fratello Victor Celli e Cristina Jorio con il Quintetto Allegro aFOLK-POPOLARE [DISCHI]eCodice MATERIA SPICS: 9950 aDi Lazzaro EldodCodice autore musica SPICS: 13500eAutore musicapValzer della fortuna aMari AstrodCodice autore testo/musica SPICS: 13565eAutore testo/musicapValzer della fortuna aStocchettidCodice autore musica SPICS: 28398eAutore musicapStellette - Passione madrilena aCherubini BixiodCodice autore testo/musica SPICS: 13442eAutore testo/musicapStellette - Re di cuori - Passione madrilena - Siberiana - Tormento - Sono come tu mi vuoi - Meridiana - Il tango della pampa - Il valzer di Nanù - Leggenda rossa - Monello bruno aSchor LaodCodice autore musica SPICS: 13537eAutore musicapRe di cuori aWayne M.dCodice autore musica SPICS: 25135eAutore musicapRamona aGilbertdCodice autore SPICS: 22535eAutorepRamona aMisselviadCodice autore testo/musica SPICS: 14169eAutore testo/musicapRamona aBixio Cesare AndreadCodice autore musica SPICS: 13441eAutore musicapSiberiana - Sono come tu mi vuoi - Il tango della pampa - Il valzer di Nanù aRusconi GerardodCodice autore musica SPICS: 13276eAutore musicapTormento - Meridiana aGiuliani GildadCodice autore musica SPICS: 14332eAutore musicapValzer spensierato aBracchi AlfredodCodice autore testo/musica SPICS: 13448eAutore testo/musicapValzer spensierato aFragna ArmandodCodice autore musica SPICS: 13570eAutore musicapLeggenda rossa aPasargikliandCodice autore musica SPICS: 25685eAutore musicapMonello bruno